000 00631nam a2200193Ii 4500
003 JO-AjNU
008 230605s9999||||xx |||||||||||||| ||und||
040 _aJO-AjNU
_bara
_erda
_cJO-AjNU
041 _aara
050 1 4 _aTS843.S2422 2004
100 3 _aالسعيد ،عبدالله,
_eauthor
_919922
245 0 0 _aصناعة الاخشاب وفنون الاعمال الخشبية
264 3 1 _aبيروت:منشورات العصر الحديث
300 _a128ص
336 _atext
_btxt
_2rdacontent
337 _aunmediated
_bn
_2rdamedia
338 _avolume
_bnc
_2rdacarrier
650 4 _aصناعة الاخشاب
_919923
999 _aA6661
_c10229
_d10229